[Event "FRA-chT Top 12 (Women) GpB"]
[Site "Mulhouse"]
[Date "2023.05.21"]
[Round "5.3"]
[White "Stoll, Lucia"]
[Black "Salvador, Lucie"]
[Result "0-1"]
[WhiteElo "1948"]
[BlackElo "1989"]
[PlyCount "136"]
[EventDate "2023.05.18"]
[EventType "team-tourn"]
[EventRounds "5"]
[EventCountry "FRA"]
[SourceTitle "CBM 214 Extra"]
[Source "ChessBase"]
[SourceDate "2023.07.31"]
[SourceVersion "1"]
[SourceVersionDate "2023.07.31"]
[SourceQuality "1"]
[WhiteTeam "Vandoeuvre (W)"]
[BlackTeam "Tour de Juvisy (W)"]
[WhiteTeamCountry "FRA"]
[BlackTeamCountry "FRA"]

1. e4 d5 2. exd5 Nf6 3. Bb5+ Bd7 4. Bc4 c6 5. dxc6 Nxc6 6. d4 Rc8 7. Ne2 e5 8. dxe5 Nxe5 9. Bb3 Bc5 10. h3 Qb6 11. 0-0 Rd8 12. Qe1 0-0 13. Nf4 Rfe8 14. Be3 Bb5 15. Bxc5 Qxc5 16. Qc3 Qxc3 17. Nxc3 Bxf1 18. Kxf1 Nc6 19. Nd3 Re7 20. Ne2 Ne4 21. f3 Nd2+ 22. Kf2 Nxb3 23. axb3 Rde8 24. Ng3 a6 25. Ra4 f6 26. Nc5 Rd8 27. Nce4 Nd4 28. Rc4 f5 29. Nc5 g6 30. Nd3 Nxc2 31. Rxc2 Rxd3 32. h4 Rxb3 33. h5 Re6 34. h6 Kf7 35. Ne2 Rb4 36. f4 Rc6 37. Rd2 Ke7 38. g3 Rcb6 39. Rd3 Rxb2 40. Kf3 Re6 41. Nc3 Rh2 42. Nd5+ Kf7 43. Rb3 b5 44. Ne3 Rxh6 45. Rc3 Rh1 46. Nd5 Rf1+ 47. Kg2 Rfe1 48. Rc7+ Re7 49. Rc6 Ra7 50. Rf6+ Kg7 51. Rb6 Rb1 52. Nc3 Rb3 53. Ne2 a5 54. Nd4 Rb2+ 55. Kf3 b4 56. Nc6 Rd7 57. Ke3 Rb3+ 58. Ke2 Ra3 59. Ra6 b3 60. Ne5 Rb7 61. Nc4 Ra2+ 62. Kd3 b2 63. Nxb2 Raxb2 64. Rxa5 R2b3+ 65. Kd4 Rxg3 66. Ke5 Rgb3 67. Kd6 R3b4 68. Kc6 Rf7 0-1

[Event "FRA-chT Top 12 (Women) GpA"]
[Site "Mulhouse"]
[Date "2022.04.09"]
[Round "3.3"]
[White "Salvador, Lucie"]
[Black "Steil Antoni, Fiona"]
[Result "1-0"]
[WhiteElo "1979"]
[BlackElo "2189"]
[PlyCount "159"]
[EventDate "2022.04.07"]
[EventType "team-tourn"]
[EventRounds "5"]
[EventCountry "FRA"]
[SourceTitle "CBM 207 Extra"]
[Source "ChessBase"]
[SourceDate "2022.05.31"]
[SourceVersion "1"]
[SourceVersionDate "2022.05.31"]
[SourceQuality "1"]
[WhiteTeam "Juvisy (W)"]
[BlackTeam "Vandoeuvre (W)"]
[WhiteTeamCountry "FRA"]
[BlackTeamCountry "FRA"]

1. Nf3 d6 2. d4 f5 3. c4 Nf6 4. Nc3 e6 5. h3 Be7 6. e3 0-0 7. Bd3 Nc6 8. a3 e5 9. Bc2 Qe8 10. Nd5 Bd8 11. 0-0 Qh5 12. b4 g5 13. dxe5 dxe5 14. Bb2 e4 15. Ne5 Qe8 16. Nxc6 bxc6 17. Nxf6+ Bxf6 18. Bxf6 Rxf6 19. c5 Be6 20. Qd4 Rh6 21. f3 Rd8 22. Qc3 Bd5 23. Bb3 Qe6 24. Rad1 g4 25. fxe4 fxe4 26. hxg4 Qxg4 27. Bxd5+ cxd5 28. Qe5 Qh4 29. Rf4 Qh2+ 30. Kf2 Rg6 31. Rg1 Qg3+ 32. Ke2 Rg7 33. Qf6 Qg5 34. Qe6+ Kh8 35. g4 d4 36. Rxe4 d3+ 37. Kd2 Qh4 38. Rg2 Rf8 39. Kxd3 Qe1 40. Qa2 Rd8+ 41. Rd4 Re8 42. Qe2 Qc1 43. a4 Rge7 44. e4 Qa3+ 45. Kd2 Qxa4 46. Rf2 Qa2+ 47. Ke3 Qb1 48. Qf3 Qb3+ 49. Ke2 Qc2+ 50. Ke3 Qb3+ 51. Kd2 Qb2+ 52. Ke3 Qc3+ 53. Rd3 Qxb4 54. Qf6+ Kg8 55. Rf4 Rxe4+ 56. Rxe4 Qxe4+ 57. Kd2 Qe1+ 58. Kc2 Re2+ 59. Kb3 Qb1+ 60. Kc4 Re4+ 61. Rd4 Qc2+ 62. Kd5 Rxd4+ 63. Qxd4 Qg2+ 64. Ke6 Qc6+ 65. Ke7 Qf3 66. Kd7 Qf7+ 67. Kc6 a5 68. Kb5 Qe8+ 69. c6 Kf7 70. Qf4+ Kg6 71. Qxc7 Qe2+ 72. Kxa5 Qxg4 73. Qd6+ Kh5 74. Qe5+ Kg6 75. Qe8+ Kh6 76. Qf8+ Kh5 77. Qf7+ Kh6 78. c7 Qg5+ 79. Ka6 Qc5 80. Qe6+ 1-0

[Event "FRA-chT Top 12 (Women) GpA"]
[Site "Mulhouse"]
[Date "2022.04.08"]
[Round "2.1"]
[White "Dornbusch, Tatiana"]
[Black "Salvador, Lucie"]
[Result "1-0"]
[WhiteElo "2245"]
[BlackElo "1979"]
[PlyCount "67"]
[EventDate "2022.04.07"]
[EventType "team-tourn"]
[EventRounds "5"]
[EventCountry "FRA"]
[SourceTitle "CBM 207 Extra"]
[Source "ChessBase"]
[SourceDate "2022.05.31"]
[SourceVersion "1"]
[SourceVersionDate "2022.05.31"]
[SourceQuality "1"]
[WhiteTeam "Monaco (W)"]
[BlackTeam "Juvisy (W)"]
[WhiteTeamCountry "MNC"]
[BlackTeamCountry "FRA"]

1. d4 g6 2. Nf3 Bg7 3. c4 Nf6 4. Nc3 0-0 5. e4 d6 6. Be2 Nbd7 7. d5 Ne5 8. Nxe5 dxe5 9. Be3 h6 10. 0-0 b6 11. Rc1 e6 12. Qc2 exd5 13. cxd5 Ng4 14. Bxg4 Bxg4 15. Nb5 f6 16. f3 Bd7 17. Nxc7 Rc8 18. Qb3 Kh7 19. d6 f5 20. Qd5 Qf6 21. Rcd1 Rfd8 22. Qb7 Bf8 23. Qxa7 Bxd6 24. Qxb6 Ba4 25. Nd5 Qh4 26. Qa7+ Bd7 27. g3 Qh3 28. Nf6+ Kh8 29. Rxd6 Rc2 30. Rd2 Rxd2 31. Bxd2 f4 32. Qc7 Rf8 33. Qxd7 Qxd7 34. Nxd7 1-0

[Event "FRA-ch U20"]
[Site "Europe Echecs INT"]
[Date "2020.07.12"]
[Round "5"]
[White "Courjal, Pauline"]
[Black "Salvador, Lucie"]
[Result "1-0"]
[WhiteElo "1848"]
[BlackElo "1979"]
[PlyCount "95"]
[EventDate "2020.07.12"]
[EventType "swiss (rapid)"]
[EventRounds "9"]
[EventCountry "FRA"]
[SourceTitle "EXT 2021"]
[Source "ChessBase"]
[SourceDate "2020.10.23"]
[SourceVersion "1"]
[SourceVersionDate "2020.10.23"]
[SourceQuality "1"]

1. e4 e5 2. Nf3 Nc6 3. Bc4 Bc5 4. c3 Nf6 5. d3 0-0 6. Nbd2 a6 7. Bb3 b5 8. 0-0 Bb7 9. Re1 d6 10. Nf1 h6 11. Ng3 Ne7 12. Nh4 c6 13. Ngf5 Nxf5 14. Nxf5 Bc8 15. Qf3 Bxf5 16. exf5 Qb6 17. Qg3 Kh8 18. Qh4 Kh7 19. Re2 Nd5 20. Bxd5 cxd5 21. f6 Qd8 22. Bg5 Kg8 23. fxg7 Qxg5 24. gxf8Q+ Rxf8 25. Qxg5+ hxg5 26. Rae1 Bb6 27. g3 f5 28. Kg2 Kf7 29. f4 gxf4 30. gxf4 e4 31. d4 Rg8+ 32. Kf2 Rg4 33. Ke3 Rh4 34. Rg2 Rh3+ 35. Ke2 Rf3 36. Rf1 Rh3 37. Rff2 b4 38. Rg3 Rh4 39. Ke3 bxc3 40. bxc3 a5 41. Rfg2 Rh8 42. a4 Rc8 43. Kd2 Bd8 44. Rg7+ Kf8 45. Rg8+ Ke7 46. R2g7+ Kf6 47. Rd7 Ke6 48. Rdxd8 1-0

[Event "FRA-ch U20"]
[Site "Europe Echecs INT"]
[Date "2020.07.12"]
[Round "7"]
[White "Salvador, Lucie"]
[Black "Chevillon, Manon1111"]
[Result "1-0"]
[WhiteElo "1979"]
[BlackElo "1356"]
[PlyCount "95"]
[EventDate "2020.07.12"]
[EventType "swiss (rapid)"]
[EventRounds "9"]
[EventCountry "FRA"]
[SourceTitle "EXT 2021"]
[Source "ChessBase"]
[SourceDate "2020.10.23"]
[SourceVersion "1"]
[SourceVersionDate "2020.10.23"]
[SourceQuality "1"]

1. e4 e5 2. Nf3 Nc6 3. Bc4 Bc5 4. 0-0 Nf6 5. d3 d6 6. Be3 Bb6 7. c3 Be6 8. Bxe6 fxe6 9. Nbd2 Qd7 10. d4 exd4 11. cxd4 0-0-0 12. Qb3 Kb8 13. a3 h6 14. Qc2 g5 15. Nc4 Rdg8 16. Nxb6 cxb6 17. b4 d5 18. b5 Na5 19. Ne5 Qe8 20. Rac1 Nc4 21. Nxc4 dxc4 22. e5 Nd5 23. Qxc4 h5 24. Qd3 h4 25. Rc2 g4 26. f4 gxf3 27. Rxf3 Qe7 28. Rcf2 Qg7 29. Rf7 Qg6 30. Rf8+ Kc7 31. Qxg6 Rxf8 32. Rxf8 Rxf8 33. Qg7+ Kd8 34. Qxf8+ Kd7 35. Qd6+ Kc8 36. Kf2 Nxe3 37. Ke2 Nc2 38. Qxe6+ Kb8 39. Qd7 a6 40. bxa6 bxa6 41. e6 Nxd4+ 42. Qxd4 Kc7 43. e7 b5 44. e8Q b4 45. Qc5+ Kb7 46. Qd7+ Kb8 47. Qcc7+ Ka8 48. Qa7# 1-0

[Event "FRA-ch U18 "]
[Site "Agen"]
[Date "2018.04.21"]
[Round "8"]
[White "Lomandong, Noela Joyce"]
[Black "Salvador, Lucie"]
[Result "1-0"]
[WhiteElo "2053"]
[BlackElo "1955"]
[PlyCount "75"]
[EventDate "2018.04.15"]
[EventType "swiss"]
[EventRounds "9"]
[EventCountry "FRA"]
[SourceTitle "EXT 2019"]
[Source "ChessBase"]
[SourceDate "2018.10.10"]
[SourceVersion "1"]
[SourceVersionDate "2018.10.10"]
[SourceQuality "1"]

1. Nf3 Nf6 2. d4 g6 3. b3 Bg7 4. Bb2 d5 5. e3 0-0 6. Bd3 c5 7. 0-0 Nc6 8. a3 Bg4 9. dxc5 a5 10. h3 Bxf3 11. Qxf3 e5 12. Bb5 Qe7 13. Qe2 Ne4 14. a4 Rac8 15. Nd2 Nxc5 16. Rac1 Rc7 17. Ba3 b6 18. c3 Rfc8 19. b4 Nd7 20. Bxc6 Rxc6 21. b5 Qxa3 22. bxc6 Rxc6 23. Qb5 Rc7 24. Nb3 Qd6 25. Rfd1 Nf6 26. c4 d4 27. exd4 exd4 28. Rxd4 Qe7 29. Rcd1 Ne4 30. Rd8+ Bf8 31. Qe8 Qxe8 32. Rxe8 Kg7 33. Rxe4 Bb4 34. Rd8 Rc6 35. Rd7 Rf6 36. Nd4 Kh6 37. g4 Kg5 38. Rd5+ 1-0

[Event "FRA-ch U18 "]
[Site "Agen"]
[Date "2018.04.19"]
[Round "6"]
[White "Salvador, Lucie"]
[Black "Milroy, Melena"]
[Result "1-0"]
[WhiteElo "1955"]
[BlackElo "1718"]
[PlyCount "83"]
[EventDate "2018.04.15"]
[EventType "swiss"]
[EventRounds "9"]
[EventCountry "FRA"]
[SourceTitle "EXT 2019"]
[Source "ChessBase"]
[SourceDate "2018.10.10"]
[SourceVersion "1"]
[SourceVersionDate "2018.10.10"]
[SourceQuality "1"]

1. d4 f5 2. g3 Nf6 3. Bg2 e6 4. Nf3 Be7 5. 0-0 0-0 6. c4 d6 7. e3 Nbd7 8. Nc3 Ne4 9. Qc2 Nxc3 10. bxc3 Nf6 11. Rb1 Qe8 12. Ba3 Qh5 13. d5 e5 14. Nxe5 f4 15. exf4 dxe5 16. Bxe7 Bf5 17. Qd1 Bxb1 18. Qxb1 exf4 19. Bxf8 Rxf8 20. f3 fxg3 21. hxg3 Qe5 22. Qe1 Qg5 23. Bh3 Re8 24. Be6+ Kh8 25. f4 Qg6 26. Rf3 Qc2 27. Qf2 Qc1+ 28. Kg2 Qa3 29. Qc2 Qd6 30. g4 c6 31. Qf5 Rf8 32. Qe5 Qa3 33. Rf2 cxd5 34. cxd5 Re8 35. Qd4 Qa5 36. g5 Ng8 37. f5 Qd8 38. f6 Qc7 39. f7 Rf8 40. fxg8Q+ Rxg8 41. Bxg8 Kxg8 42. Qf4 1-0

[Event "FRA-ch U18 "]
[Site "Agen"]
[Date "2018.04.17"]
[Round "4"]
[White "Salvador, Lucie"]
[Black "Belluire, Beatrice"]
[Result "1-0"]
[WhiteElo "1955"]
[BlackElo "1818"]
[PlyCount "73"]
[EventDate "2018.04.15"]
[EventType "swiss"]
[EventRounds "9"]
[EventCountry "FRA"]
[SourceTitle "EXT 2019"]
[Source "ChessBase"]
[SourceDate "2018.10.10"]
[SourceVersion "1"]
[SourceVersionDate "2018.10.10"]
[SourceQuality "1"]

1. Nf3 Nf6 2. g3 b5 3. Bg2 Bb7 4. 0-0 e6 5. b3 d5 6. d3 c5 7. c4 a6 8. Na3 Qb6 9. Qd2 Bd6 10. Bb2 Nbd7 11. Rfe1 0-0 12. e3 e5 13. d4 e4 14. Ne5 Rad8 15. Nxd7 Rxd7 16. cxb5 axb5 17. dxc5 Bxc5 18. Nc2 Rc7 19. b4 Be7 20. Nd4 Rfc8 21. a3 Ne8 22. Bh3 Ra8 23. Rec1 Nd6 24. Rxc7 Qxc7 25. Qe2 Qb6 26. Bf1 Nc4 27. Qc2 Bf6 28. Bxc4 dxc4 29. Rd1 Re8 30. Nf5 Qe6 31. g4 Rd8 32. Rxd8+ Bxd8 33. Bxg7 Qg6 34. Qd1 Bf6 35. Bxf6 Qxf6 36. Qd7 Ba6 37. Qe8# 1-0

[Event "Saint Affrique op 22nd"]
[Site "Saint Affrique"]
[Date "2014.07.23"]
[Round "6"]
[White "Salvador, Lucie"]
[Black "Del Valle, Clemence"]
[Result "0-1"]
[WhiteElo "1437"]
[BlackElo "1627"]
[PlyCount "158"]
[EventDate "2014.07.19"]
[EventType "swiss"]
[EventRounds "9"]
[EventCountry "FRA"]
[SourceTitle "CBM 161 Extra"]
[Source "ChessBase"]
[SourceDate "2014.08.29"]
[SourceVersion "1"]
[SourceVersionDate "2014.08.29"]
[SourceQuality "1"]

1. e4 c6 2. d4 d5 3. e5 Bf5 4. Bd3 Bxd3 5. Qxd3 e6 6. a3 Nd7 7. Nf3 c5 8. c3 Qc7 9. 0-0 a6 10. Be3 Ne7 11. Nbd2 Nf5 12. Rac1 c4 13. Qc2 Be7 14. Bg5 Bxg5 15. Nxg5 h6 16. Ngf3 0-0 17. h3 b5 18. Nh2 a5 19. Ng4 Qb6 20. Ne3 Ne7 21. Nf3 b4 22. axb4 axb4 23. cxb4 Qxb4 24. Qc3 Nc6 25. b3 Qxc3 26. Rxc3 Ra3 27. Rfc1 Rc8 28. bxc4 Rxc3 29. Rxc3 dxc4 30. Rxc4 Nb6 31. Rc1 Kh7 32. Rb1 Na4 33. Rc1 Nb6 34. Kh2 Nxd4 35. Rxc8 Nxf3+ 36. gxf3 Nxc8 37. Kg3 Ne7 38. Nc4 Kg6 39. Kg4 h5+ 40. Kf4 Nd5+ 41. Kg3 Kg5 42. h4+ Kf5 43. Nd6+ Kg6 44. Ne4 Kf5 45. Nd6+ Kxe5 46. Nxf7+ Kf5 47. Nd6+ Kf6 48. Ne4+ Ke5 49. Ng5 Kf5 50. Ne4 e5 51. Nd6+ Ke6 52. Ne4 Nf4 53. Ng5+ Kf5 54. Nf7 Ne2+ 55. Kg2 Kf4 56. Kf1 Nd4 57. Kg2 Nxf3 58. Kh3 Nd2 59. Ng5 Kf5 60. Nf7 e4 61. Kg3 Nc4 62. Ng5 Nd6 63. Nh3 Nf7 64. Ng1 Nd6 65. Ne2 Ke5 66. Kg2 Nf5 67. Kh3 g6 68. Nc3 Kf4 69. Nd1 Kf3 70. Nc3 Nd6 71. Nd1 Ke2 72. Nc3+ Kxf2 73. Nxe4+ Nxe4 74. Kh2 Ng3 75. Kh3 Nf5 76. Kh2 Nxh4 77. Kh3 g5 78. Kh2 Nf3+ 79. Kh1 Ne5 0-1

[Event "Saint Affrique op 22nd"]
[Site "Saint Affrique"]
[Date "2014.07.22"]
[Round "5"]
[White "Raynal, Etienne"]
[Black "Salvador, Lucie"]
[Result "0-1"]
[WhiteElo "1286"]
[BlackElo "1437"]
[PlyCount "65"]
[EventDate "2014.07.19"]
[EventType "swiss"]
[EventRounds "9"]
[EventCountry "FRA"]
[SourceTitle "CBM 161 Extra"]
[Source "ChessBase"]
[SourceDate "2014.08.29"]
[SourceVersion "1"]
[SourceVersionDate "2014.08.29"]
[SourceQuality "1"]

1. e4 e5 2. Nf3 Nc6 3. Bb5 Bc5 4. 0-0 Nge7 5. Re1 d6 6. h3 0-0 7. c3 a6 8. Ba4 Be6 9. Bxc6 Nxc6 10. d4 exd4 11. cxd4 Bb4 12. Bd2 Bxd2 13. Qxd2 d5 14. Nc3 dxe4 15. Rxe4 Nb4 16. a3 Nd5 17. Nxd5 Bxd5 18. Re3 Qd7 19. Nh2 Bc6 20. Rg3 f6 21. Ng4 Qd8 22. Qc3 Bd5 23. Rc1 h5 24. Ne3 c6 25. Nxd5 Qxd5 26. Qd3 Qd6 27. Qd1 Kf7 28. Qd3 Rad8 29. Rc5 Qxc5 30. dxc5 Rxd3 31. Rxd3 Kg6 32. Rd7 Rb8 33. b4 0-1

[Event "Saint Affrique op 22nd"]
[Site "Saint Affrique"]
[Date "2014.07.19"]
[Round "1"]
[White "Lazov, Stefan"]
[Black "Salvador, Lucie"]
[Result "1-0"]
[WhiteElo "1894"]
[BlackElo "1437"]
[PlyCount "39"]
[EventDate "2014.07.19"]
[EventType "swiss"]
[EventRounds "9"]
[EventCountry "FRA"]
[SourceTitle "CBM 161 Extra"]
[Source "ChessBase"]
[SourceDate "2014.08.29"]
[SourceVersion "1"]
[SourceVersionDate "2014.08.29"]
[SourceQuality "1"]

1. e4 e5 2. Nf3 Nc6 3. Bc4 Bc5 4. c3 Qe7 5. 0-0 Nf6 6. d3 d6 7. a4 Bg4 8. b4 d5 9. exd5 e4 10. dxc6 Bd6 11. dxe4 Rd8 12. Qe2 h5 13. e5 Bxf3 14. exf6 Bxe2 15. fxe7 Bxf1 16. exd8Q+ Kxd8 17. Kxf1 bxc6 18. Bg5+ Be7 19. Bf6 Bxf6 20. Nd2 1-0